00308nam a2200121Ia 45000030006000000080041000060400015000471000026000622450035000882600034001235460012001570050017001690STCL150530s9999 xx 000 0 und d aSTCLcSTCL aMatthiessen, F.O.; Ed aResponsibilities of the critic bOxford University pressc1952 aEnglish20220125170828.0